| 000 | 00983cam a2200205 4500 | ||
|---|---|---|---|
| 001 | X103261 | ||
| 008 | 000000n1999 000 0 eng u | ||
| 035 | _a(Sirsi) u103261 | ||
| 245 | _aNotice to break | ||
| 260 | _c1999 | ||
| 490 |
_aEstates Gazette Case Summaries _v[1999] EGCS 144 (1) |
||
| 520 | _aHavant International Holdings Ltd v Lionsgate (H) Investment Ltd. ChD 30 November 1999. The claimant tenant (HIHL) served two break notices signed by the director of a subsidiary company, Havant International Ltd. The landlord claimed that the notices were invalid because they had not been signed by or on behalf of HIHL . "Held" the notices were valid. | ||
| 650 | _aBREAK NOTICES | ||
| 650 | _aHAVANT INTERNATIONAL HOLDINGS LTD V LIONSGATE (H) INVESTMENT LTD | ||
| 650 | _aMANNAI INVESTMENT CO LTD V EAGLE STAR LIFE ASSURANCE CO LTD UK | ||
| 650 | _aCOMMERCIAL LEASES | ||
| 650 | _aVALIDITY | ||
| 690 | _aLANDLORD AND TENANT-CASE LAW-BUSINESS TENANCIES | ||
| 942 | _n0 | ||
| 999 |
_c62055 _d62055 |
||